[Event "Landesliga Sued 1415"]
[Site "Bayern"]
[Date "2014.11.09"]
[Round "2.4"]
[White "Sofranov, Velizar"]
[Black "Bergauz, Noam"]
[Result "0-1"]
[WhiteElo "2153"]
[BlackElo "2236"]
[PlyCount "110"]
[EventDate "2014.10.19"]
[EventType "team-tourn"]
[EventRounds "9"]
[EventCountry "GER"]
[SourceTitle "EXT 2018"]
[Source "ChessBase"]
[SourceDate "2017.10.13"]
[SourceVersion "1"]
[SourceVersionDate "2017.10.13"]
[SourceQuality "1"]
[WhiteTeam "Deggendorf"]
[BlackTeam "Muenchen Suedost"]
[WhiteTeamCountry "GER"]
[BlackTeamCountry "GER"]

1. d4 Nf6 2. Nf3 g6 3. c4 Bg7 4. Nc3 0-0 5. e4 d6 6. h3 Qe8 7. Be2 e5 8. d5 Nh5 9. g3 f5 10. Nh4 Nf6 11. exf5 gxf5 12. Qc2 Na6 13. a3 Nc5 14. Be3 Nce4 15. Nxe4 fxe4 16. Bg5 Qf7 17. Rh2 c6 18. Bxf6 Bxf6 19. Qxe4 cxd5 20. cxd5 Kh8 21. Bd3 Bxh4 22. gxh4 Qh5 23. Be2 Qh6 24. h5 Bf5 25. Qe3 Qg7 26. Bf1 Qf7 27. h6 Qxd5 28. Qg5 Rf7 29. Rd1 Qe4+ 30. Qe3 Rf6 31. Bg2 Qxe3+ 32. fxe3 Rxh6 33. Bxb7 Rb8 34. Bd5 Rxh3 35. Rxh3 Bxh3 36. Rd2 Bf5 37. e4 Bg6 38. Rc2 Rb5 39. Rc8+ Kg7 40. Rc7+ Kf6 41. Rxa7 Rxb2 42. Ra6 Kg5 43. Rxd6 Kf4 44. Rc6 Be8 45. Rc8 Bb5 46. Rc3 h5 47. Rh3 Be2 48. Rb3 Rxb3 49. Bxb3 Bf3 50. Kf2 h4 51. Be6 Bxe4 52. a4 Bb7 53. a5 e4 54. Bd7 e3+ 55. Ke1 Bg2 0-1

[Event "Vienna Husek op"]
[Site "Vienna"]
[Date "2014.07.10"]
[Round "6"]
[White "Sofranov, Velizar"]
[Black "Schreiner, Peter"]
[Result "0-1"]
[WhiteElo "2166"]
[BlackElo "2463"]
[PlyCount "74"]
[EventDate "2014.07.05"]
[EventType "swiss"]
[EventRounds "9"]
[EventCountry "AUT"]
[SourceTitle "CBM 161 Extra"]
[Source "ChessBase"]
[SourceDate "2014.08.29"]
[SourceVersion "1"]
[SourceVersionDate "2014.08.29"]
[SourceQuality "1"]

1. d4 Nf6 2. c4 g6 3. Nc3 d5 4. Nf3 Bg7 5. e3 0-0 6. cxd5 Nxd5 7. Bc4 Nxc3 8. bxc3 c5 9. 0-0 Qc7 10. Qe2 b6 11. Bb2 Nc6 12. h3 Bb7 13. e4 e5 14. d5 Na5 15. Bd3 c4 16. Bc2 Ba6 17. Ba3 Rfd8 18. Qe3 Nb7 19. Rfd1 Nd6 20. Rab1 f6 21. h4 Nf7 22. h5 Bh6 23. Qe2 Qd7 24. Nh4 Kg7 25. Qf3 Bc8 26. hxg6 hxg6 27. g3 Bg5 28. Qg2 Rh8 29. Nf3 Qd8 30. Nh2 Bh3 31. Qf3 Qd7 32. Qe2 Rh7 33. f3 Rah8 34. Re1 Qc8 35. Rb4 Bd7 36. Rxc4 Rxh2 37. Qxh2 Qxc4 0-1

[Event "Vienna Tschaturanga op"]
[Site "Vienna"]
[Date "2014.05.09"]
[Round "5"]
[White "Sadilek, Peter"]
[Black "Sofranov, Velizar"]
[Result "1-0"]
[WhiteElo "2256"]
[BlackElo "2154"]
[PlyCount "65"]
[EventDate "2014.05.05"]
[EventType "swiss"]
[EventRounds "7"]
[EventCountry "AUT"]
[SourceTitle "CBM 160 Extra"]
[Source "ChessBase"]
[SourceDate "2014.07.01"]
[SourceVersion "1"]
[SourceVersionDate "2014.07.01"]
[SourceQuality "1"]

1. d4 Nf6 2. c4 c5 3. d5 e6 4. Nc3 exd5 5. cxd5 d6 6. e4 g6 7. Bd3 Bg7 8. h3 0-0 9. Nf3 Re8 10. 0-0 a6 11. a4 Nbd7 12. Re1 b6 13. Bf4 Qc7 14. Rc1 Bb7 15. b4 Nh5 16. Bh2 Rac8 17. Qd2 Qb8 18. bxc5 Nxc5 19. Bc2 Bxc3 20. Qxc3 Nxe4 21. Qb2 Bxd5 22. Rcd1 Qb7 23. Re3 Ng7 24. Nd4 Ne6 25. Nf5 Rxc2 26. Nh6+ Kf8 27. Qxc2 Kg7 28. Ng4 h5 29. Qb2+ f6 30. Rxe4 Bxe4 31. Nxf6 Kf7 32. Nxe8 Kxe8 33. Qf6 1-0

[Event "Vienna Tschaturanga op"]
[Site "Vienna"]
[Date "2014.05.07"]
[Round "3"]
[White "Sofranov, Velizar"]
[Black "Karner, Christoph"]
[Result "1/2-1/2"]
[WhiteElo "2154"]
[BlackElo "2335"]
[PlyCount "58"]
[EventDate "2014.05.05"]
[EventType "swiss"]
[EventRounds "7"]
[EventCountry "AUT"]
[SourceTitle "CBM 160 Extra"]
[Source "ChessBase"]
[SourceDate "2014.07.01"]
[SourceVersion "1"]
[SourceVersionDate "2014.07.01"]
[SourceQuality "1"]

1. e4 c5 2. Nf3 d6 3. d4 cxd4 4. Nxd4 Nf6 5. Nc3 a6 6. Qf3 e6 7. g4 Nc6 8. Nxc6 bxc6 9. g5 Nd7 10. Be3 Rb8 11. 0-0-0 Be7 12. Qg3 Qa5 13. Bd2 Qb4 14. b3 Nc5 15. Nb5 Nxe4 16. Bxb4 Nxg3 17. hxg3 cxb5 18. Bxd6 Bxd6 19. Rxd6 Ke7 20. Rd4 Bb7 21. Rh2 Rbc8 22. Bd3 Rc5 23. f4 e5 24. Re2 f6 25. b4 Rd5 26. Rxd5 Bxd5 27. gxf6+ gxf6 28. fxe5 Bxa2 29. Kb2 Bd5 1/2-1/2

[Event "Wch U18"]
[Site "Maribor"]
[Date "2012.11.12"]
[Round "5.41"]
[White "Sofranov, Velizar"]
[Black "Van den Heede, Dorian"]
[Result "1-0"]
[WhiteElo "2191"]
[BlackElo "1965"]
[PlyCount "55"]
[EventDate "2012.11.08"]
[EventType "swiss"]
[EventRounds "11"]
[EventCountry "SLO"]
[SourceTitle "EXT 2013"]
[Source "ChessBase"]
[SourceDate "2012.11.22"]
[SourceVersion "1"]
[SourceVersionDate "2012.11.22"]
[SourceQuality "1"]

1. d4 f5 2. Bg5 g6 3. Nd2 Bg7 4. e4 fxe4 5. Nxe4 Nf6 6. Bd3 0-0 7. Qd2 d5 8. Nxf6+ exf6 9. Bf4 b6 10. 0-0-0 Bb7 11. Nf3 c5 12. dxc5 bxc5 13. Bc4 Qb6 14. Bxd5+ Kh8 15. Bxb7 Qxb7 16. Rhe1 Nc6 17. Qd7 Qb4 18. g3 f5 19. Ne5 Rab8 20. Qxc6 Qxb2+ 21. Kd2 Rbd8+ 22. Nd7 Qc3+ 23. Ke2 Qxc2+ 24. Kf1 Rfe8 25. Ne5 Qxd1 26. Qxe8+ Rxe8 27. Rxd1 Bxe5 28. Re1 1-0

[Event "Wch U18"]
[Site "Maribor"]
[Date "2012.11.11"]
[Round "4.29"]
[White "Ochsner, Bjorn Moller"]
[Black "Sofranov, Velizar"]
[Result "1-0"]
[WhiteElo "2324"]
[BlackElo "2191"]
[PlyCount "59"]
[EventDate "2012.11.08"]
[EventType "swiss"]
[EventRounds "11"]
[EventCountry "SLO"]
[SourceTitle "EXT 2013"]
[Source "ChessBase"]
[SourceDate "2012.11.22"]
[SourceVersion "1"]
[SourceVersionDate "2012.11.22"]
[SourceQuality "1"]

1. e4 d6 2. d4 Nf6 3. Nc3 e5 4. Nf3 Nbd7 5. Bc4 Be7 6. 0-0 0-0 7. Re1 Nb6 8. Bb3 exd4 9. Qxd4 Bg4 10. a4 Bxf3 11. gxf3 Qc8 12. Bf4 Qh3 13. Bg3 Nbd7 14. f4 h5 15. e5 Ng4 16. Bc4 Nh6 17. Nd5 Bd8 18. e6 h4 19. Bf1 Qg4 20. e7 hxg3 21. exf8Q+ Nxf8 22. hxg3 Ne6 23. Qd1 Qf5 24. Qd3 Qh5 25. Qd1 Qf5 26. Ne3 Qc5 27. Qd5 Qb6 28. a5 Qc6 29. Bg2 Bf6 30. a6 1-0

[Event "Kesarovski Georgiev Memorial 11th"]
[Site "Sunny Beach"]
[Date "2012.09.09"]
[Round "9"]
[White "Todorov, Yavor"]
[Black "Sofranov, Velizar"]
[Result "1/2-1/2"]
[WhiteElo "2054"]
[BlackElo "2213"]
[PlyCount "56"]
[EventDate "2012.09.01"]
[EventType "swiss"]
[EventRounds "9"]
[EventCountry "BUL"]
[SourceTitle "CBM 150 Extra"]
[Source "ChessBase"]
[SourceDate "2012.10.19"]
[SourceVersion "1"]
[SourceVersionDate "2012.10.19"]
[SourceQuality "1"]

1. d4 d5 2. c4 dxc4 3. e4 e5 4. Nf3 Bb4+ 5. Bd2 Bxd2+ 6. Qxd2 exd4 7. Qxd4 Qxd4 8. Nxd4 Nf6 9. Nc3 Be6 10. Nxe6 fxe6 11. Bxc4 Ke7 12. 0-0-0 Ng4 13. Rd2 Ne5 14. Be2 Rf8 15. f3 a6 16. Rf1 g5 17. g3 Ng6 18. Rfd1 b5 19. b4 Ra7 20. a3 c6 21. Nb1 a5 22. Kb2 axb4 23. axb4 Ne5 24. Rf1 Ra4 25. Nc3 Ng6 26. Bd1 Ra7 27. Be2 Nd7 28. Kb1 Nde5 1/2-1/2

[Event "Kesarovski Georgiev Memorial 11th"]
[Site "Sunny Beach"]
[Date "2012.09.01"]
[Round "1"]
[White "Jina, Lubos"]
[Black "Sofranov, Velizar"]
[Result "0-1"]
[WhiteElo "1794"]
[BlackElo "2213"]
[PlyCount "70"]
[EventDate "2012.09.01"]
[EventType "swiss"]
[EventRounds "9"]
[EventCountry "BUL"]
[SourceTitle "CBM 150 Extra"]
[Source "ChessBase"]
[SourceDate "2012.10.19"]
[SourceVersion "1"]
[SourceVersionDate "2012.10.19"]
[SourceQuality "1"]

1. d4 Nf6 2. Nf3 g6 3. c4 Bg7 4. Nc3 d5 5. e3 0-0 6. Bd3 c5 7. 0-0 cxd4 8. Nxd4 e5 9. Nb3 Nc6 10. cxd5 Nxd5 11. Nxd5 Qxd5 12. e4 Qd8 13. Qd2 Be6 14. Nc5 Nd4 15. Qe3 Bc8 16. Rd1 Qa5 17. b4 Qxb4 18. Nb3 Nxb3 19. axb3 Qxb3 20. Rd2 b6 21. Qe2 Be6 22. Rb1 Qc3 23. Bb2 Qc7 24. Rc1 Qe7 25. Rc3 Rfd8 26. h3 Rac8 27. Ba3 Qg5 28. Rxc8 Rxc8 29. Kh2 Bf8 30. Ba6 Rd8 31. Rxd8 Qxd8 32. Bxf8 Kxf8 33. Bb7 a5 34. Qb2 Qd4 35. f3 Qxb2 0-1

[Event "EU-ch U18"]
[Site "Prague"]
[Date "2012.08.20"]
[Round "4"]
[White "Sofranov, Velizar"]
[Black "Petras, Marian"]
[Result "1-0"]
[WhiteElo "2218"]
[BlackElo "1958"]
[PlyCount "135"]
[EventDate "2012.08.17"]
[EventType "swiss"]
[EventRounds "9"]
[EventCountry "CZE"]
[SourceTitle "CBM 150 Extra"]
[Source "ChessBase"]
[SourceDate "2012.10.19"]
[SourceVersion "1"]
[SourceVersionDate "2012.10.19"]
[SourceQuality "1"]

1. d4 Nf6 2. c4 g6 3. Nc3 Bg7 4. e4 d6 5. Nf3 0-0 6. h3 e5 7. d5 a5 8. Bg5 Qe8 9. g4 Na6 10. Be2 Nc5 11. Nd2 h6 12. Be3 Kh7 13. h4 Ng8 14. h5 g5 15. b3 b6 16. a3 Bb7 17. f3 Qe7 18. Kf1 Nf6 19. Kg2 Nfd7 20. Qc2 Rfc8 21. b4 axb4 22. axb4 Rxa1 23. Rxa1 Na6 24. Qb2 Ra8 25. Nf1 Bf8 26. Ng3 f6 27. Nh1 Qd8 28. Nf2 Be7 29. Ra4 Kg7 30. Qa3 Qc8 31. Nh1 Kh7 32. Ng3 Bf8 33. Nf5 Kh8 34. Nb1 Kh7 35. Nd2 Kh8 36. Nb3 Kh7 37. Nc1 Kh8 38. Nd3 Kh7 39. Bd1 Kh8 40. Qa1 Kh7 41. Ra2 Kh8 42. Kh3 Kh7 43. Ng3 Kh8 44. Ne2 Be7 45. Nc3 Kh7 46. Kg3 Kg7 47. Kf2 Kh7 48. Kg3 Kg7 49. Bc2 Qf8 50. Ba4 Nab8 51. Bb5 Rxa2 52. Qxa2 Qc8 53. Qa7 Ba6 54. c5 bxc5 55. bxc5 Bxb5 56. Nxb5 Qa6 57. Qxa6 Nxa6 58. c6 Ndb8 59. Ba7 Bd8 60. Nc1 Kh7 61. Nb3 Kg7 62. Nd2 Kf7 63. Nc4 Ke8 64. Ne3 Be7 65. Bxb8 Nxb8 66. Nxc7+ Kf7 67. Nf5 Bf8 68. Ne6 1-0

[Event "Varna op 6th"]
[Site "Varna"]
[Date "2012.07.18"]
[Round "7"]
[White "Sofranov, Velizar"]
[Black "Talmaci, Alexandru"]
[Result "1/2-1/2"]
[WhiteElo "2210"]
[BlackElo "1998"]
[PlyCount "130"]
[EventDate "2012.07.11"]
[EventType "swiss"]
[EventRounds "9"]
[EventCountry "BUL"]
[SourceTitle "CBM 149 Extra"]
[Source "ChessBase"]
[SourceDate "2012.08.24"]
[SourceVersion "1"]
[SourceVersionDate "2012.08.24"]
[SourceQuality "1"]

1. d4 d5 2. c4 c6 3. Nf3 Nf6 4. e3 Bf5 5. Nc3 e6 6. Nh4 Bg6 7. Be2 Bd6 8. g3 Nbd7 9. 0-0 0-0 10. Nxg6 hxg6 11. Qb3 b6 12. Rd1 Qe7 13. cxd5 Nxd5 14. Ne4 Bc7 15. Bd2 c5 16. dxc5 Nxc5 17. Nxc5 bxc5 18. Rac1 Rab8 19. Qc2 Be5 20. b3 Rfc8 21. Qe4 Bf6 22. Be1 Nb4 23. Rc4 Nxa2 24. Qc2 Qb7 25. Qxa2 Qxb3 26. Qxb3 Rxb3 27. Rdc1 Rb2 28. Bf3 Rb5 29. Ra4 Rc7 30. Ba5 Rc8 31. Be2 Rb2 32. Kf1 Rb3 33. Bc4 Rb2 34. Bc3 Bxc3 35. Rxc3 Rd8 36. Ra2 Rxa2 37. Bxa2 Rc8 38. Ke2 Kf8 39. Ra3 Rc7 40. Kd3 Ke7 41. Ra6 Kf6 42. Kc4 Rd7 43. Bb3 Rc7 44. Ra5 Rd7 45. Kxc5 Rc7+ 46. Kb4 Rb7+ 47. Rb5 Rd7 48. Rc5 Rb7+ 49. Kc3 g5 50. Bc2 g6 51. Be4 Rd7 52. Kb4 Ke7 53. Rc2 f5 54. Bc6 Rd6 55. Ka5 Kd8 56. Ka6 Kc7 57. Kxa7 Rxc6 58. Rxc6+ Kxc6 59. Kb8 Kd5 60. Kc7 Ke4 61. Kd6 Kf3 62. Kxe6 Kxf2 63. Kf6 Kxe3 64. Kxg5 Kf3 65. Kxg6 Kg4 1/2-1/2

[Event "Varna op 6th"]
[Site "Varna"]
[Date "2012.07.12"]
[Round "2"]
[White "Petrova, Boryana"]
[Black "Sofranov, Velizar"]
[Result "0-1"]
[WhiteElo "1722"]
[BlackElo "2210"]
[PlyCount "92"]
[EventDate "2012.07.11"]
[EventType "swiss"]
[EventRounds "9"]
[EventCountry "BUL"]
[SourceTitle "CBM 149 Extra"]
[Source "ChessBase"]
[SourceDate "2012.08.24"]
[SourceVersion "1"]
[SourceVersionDate "2012.08.24"]
[SourceQuality "1"]

1. e4 c5 2. Nf3 e6 3. c3 Nf6 4. e5 Nd5 5. d4 cxd4 6. cxd4 d6 7. Bc4 Nb6 8. Bb3 dxe5 9. dxe5 Qxd1+ 10. Bxd1 Bb4+ 11. Bd2 Nc6 12. a3 Be7 13. 0-0 0-0 14. Bb3 Nd7 15. Re1 Nc5 16. Bc2 Rd8 17. Nc3 Nd3 18. Bxd3 Rxd3 19. Rad1 b6 20. Be3 Ba6 21. Rxd3 Bxd3 22. Rc1 Rc8 23. b4 b5 24. Nd1 a5 25. Nd4 Bc4 26. Nxc6 Rxc6 27. Bd2 axb4 28. Bxb4 Bg5 29. Rc2 Bf4 30. Nb2 Bxe5 31. Nxc4 Rxc4 32. Rxc4 bxc4 33. Kf1 Bd4 34. f3 f5 35. Ke2 e5 36. a4 Kf7 37. Kd2 Ke6 38. a5 Kd5 39. a6 Kc6 40. Bc3 Kb6 41. a7 Kxa7 42. f4 Bxc3+ 43. Kxc3 exf4 44. Kxc4 Kb6 45. Kd4 Kb5 46. g4 g6 0-1

[Event "EU-ch 13th"]
[Site "Plovdiv"]
[Date "2012.03.30"]
[Round "10"]
[White "Sofranov, Velizar"]
[Black "Nestorovic, Lazar"]
[Result "0-1"]
[WhiteElo "2198"]
[BlackElo "2374"]
[PlyCount "56"]
[EventDate "2012.03.20"]
[EventType "swiss"]
[EventRounds "11"]
[EventCountry "BUL"]
[SourceTitle "CBM 148"]
[Source "ChessBase"]
[SourceDate "2012.05.16"]
[SourceVersion "1"]
[SourceVersionDate "2012.05.16"]
[SourceQuality "1"]

1. Nf3 Nf6 2. c4 g6 3. Nc3 Bg7 4. e4 0-0 5. d4 d6 6. h3 e5 7. d5 a5 8. Bg5 Na6 9. Nd2 Nc5 10. Be2 h6 11. Be3 Ne8 12. g4 f5 13. gxf5 gxf5 14. exf5 Bxf5 15. Bxc5 dxc5 16. Nde4 Qh4 17. Bd3 Bxe4 18. Nxe4 Rf4 19. Qe2 Nd6 20. Nxc5 e4 21. Bc2 Bxb2 22. Rd1 Raf8 23. Rh2 Nf5 24. Rg2+ Kh8 25. Bxe4 Bc3+ 26. Kf1 Ng3+ 27. Rxg3 Qxg3 28. Nd3 Rg8 0-1

[Event "Plovdiv Tringov Memorial 34th"]
[Site "Plovdiv"]
[Date "2012.02.05"]
[Round "9"]
[White "Milchev, Nikolay"]
[Black "Sofranov, Velizar"]
[Result "1/2-1/2"]
[WhiteElo "2434"]
[BlackElo "2168"]
[PlyCount "58"]
[EventDate "2012.01.29"]
[EventType "swiss"]
[EventRounds "9"]
[EventCountry "BUL"]
[SourceTitle "CBM 146 Extra"]
[Source "ChessBase"]
[SourceDate "2012.02.29"]
[SourceVersion "1"]
[SourceVersionDate "2012.02.29"]
[SourceQuality "1"]

1. c4 e5 2. g3 Nc6 3. Bg2 f5 4. Nc3 Nf6 5. a3 a5 6. d3 g6 7. e3 Bg7 8. Nge2 0-0 9. Rb1 d6 10. b4 axb4 11. axb4 Ne7 12. Qb3 Kh8 13. 0-0 g5 14. f4 gxf4 15. exf4 Rb8 16. h3 Be6 17. b5 b6 18. Bb2 Nd7 19. Na4 Qe8 20. Rbe1 Qf7 21. Qa3 Rg8 22. Qa1 h6 23. d4 Bxc4 24. fxe5 Nf8 25. exd6 cxd6 26. Qa3 Rd8 27. Nxb6 Bxb5 28. Qb4 Bd3 29. Qd2 Bb5 1/2-1/2

[Event "EU-chT U18"]
[Site "Iasi"]
[Date "2011.07.19"]
[Round "5.3"]
[White "Sofranov, Velizar"]
[Black "Muskardin, Mario"]
[Result "1/2-1/2"]
[WhiteElo "2053"]
[BlackElo "2249"]
[PlyCount "84"]
[EventDate "2011.07.15"]
[EventType "team-swiss"]
[EventRounds "7"]
[EventCountry "ROU"]
[SourceTitle "CBM 143 Extra"]
[Source "ChessBase"]
[SourceDate "2011.08.29"]
[SourceVersion "1"]
[SourceVersionDate "2011.08.29"]
[SourceQuality "1"]
[WhiteTeam "Bulgaria U18"]
[BlackTeam "Croatia U18"]
[WhiteTeamCountry "BUL"]
[BlackTeamCountry "CRO"]

1. d4 Nf6 2. c4 e6 3. g3 d5 4. Nf3 c6 5. Bg2 Nbd7 6. 0-0 b6 7. Qc2 Bb7 8. b3 Be7 9. Nbd2 0-0 10. e4 dxe4 11. Nxe4 c5 12. Nxf6+ Nxf6 13. Bb2 Qc7 14. dxc5 Qxc5 15. Rfe1 Qh5 16. Qe2 Rad8 17. Ne5 Bxg2 18. Kxg2 Rc8 19. Rad1 Rfd8 20. Qxh5 Nxh5 21. Rxd8+ Rxd8 22. Nc6 Rd7 23. Nxe7+ Rxe7 24. Rd1 f5 25. Ba3 Rb7 26. Rd8+ Kf7 27. Bd6 Nf6 28. c5 bxc5 29. Bxc5 Nd7 30. Be3 Nb6 31. Bd4 Nd5 32. Be5 Nb4 33. Rb8 Rxb8 34. Bxb8 Nxa2 35. Bxa7 e5 36. Kf3 Ke6 37. Ke3 Nc3 38. Kd3 Nb5 39. Be3 Kd5 40. f3 g6 41. h3 h5 42. h4 Nc7 1/2-1/2

[Event "EU-chT U18"]
[Site "Iasi"]
[Date "2011.07.17"]
[Round "3.4"]
[White "Heyne, Lukas"]
[Black "Sofranov, Velizar"]
[Result "0-1"]
[WhiteElo "2011"]
[BlackElo "2053"]
[PlyCount "102"]
[EventDate "2011.07.15"]
[EventType "team-swiss"]
[EventRounds "7"]
[EventCountry "ROU"]
[SourceTitle "CBM 143 Extra"]
[Source "ChessBase"]
[SourceDate "2011.08.29"]
[SourceVersion "1"]
[SourceVersionDate "2011.08.29"]
[SourceQuality "1"]
[WhiteTeam "Germany U18"]
[BlackTeam "Bulgaria U18"]
[WhiteTeamCountry "GER"]
[BlackTeamCountry "BUL"]

1. e4 c5 2. Nf3 e6 3. d4 cxd4 4. Nxd4 Nf6 5. Nc3 d6 6. Be3 a6 7. f3 Be7 8. Qd2 Nc6 9. 0-0-0 0-0 10. g4 Nxd4 11. Bxd4 b5 12. h4 Bb7 13. Bd3 Rc8 14. h5 Nd7 15. Kb1 Ne5 16. Qf2 Nc4 17. Bxc4 Rxc4 18. Rhg1 Qc7 19. g5 Qc6 20. Rd2 Rc8 21. Qh2 Bf8 22. Nd1 e5 23. Be3 Qc7 24. b3 Rc6 25. Rdg2 g6 26. Bc1 Bg7 27. Rh1 a5 28. Ne3 Rc3 29. hxg6 hxg6 30. Nf5 gxf5 31. exf5 Kf8 32. f6 Ke8 33. fxg7 Ke7 34. Rf2 Rxf3 35. Rxf3 Bxf3 36. Rf1 Be4 37. Rf2 Bg6 38. Ba3 b4 39. Bb2 Rg8 40. Qh8 Qc8 41. Rh2 Bxc2+ 42. Ka1 Bg6 43. Rh1 Qa8 44. Qh3 Rxg7 45. Rc1 Qb7 46. Qh8 Rh7 47. Qf6+ Kd7 48. Rd1 Qd5 49. Rc1 Rh2 50. Qf1 Qd3 51. Qg1 Qe2 0-1

[Event "Varna op 5th"]
[Site "Varna"]
[Date "2011.07.05"]
[Round "4"]
[White "Badev, Kiril"]
[Black "Sofranov, Velizar"]
[Result "1-0"]
[WhiteElo "2332"]
[BlackElo "2053"]
[PlyCount "59"]
[EventDate "2011.07.03"]
[EventType "swiss"]
[EventRounds "9"]
[EventCountry "BUL"]
[SourceTitle "CBM 143 Extra"]
[Source "ChessBase"]
[SourceDate "2011.08.29"]
[SourceVersion "1"]
[SourceVersionDate "2011.08.29"]
[SourceQuality "1"]

1. d4 Nf6 2. c4 g6 3. Nc3 d5 4. Bg5 Ne4 5. Bf4 Nxc3 6. bxc3 dxc4 7. Qa4+ c6 8. Qxc4 Be6 9. Qd3 Nd7 10. Nf3 Nb6 11. h4 Bg7 12. h5 Bc4 13. Qc2 Nd5 14. Be5 f6 15. Bg3 Kf7 16. e4 Bxf1 17. Kxf1 Nb6 18. Rb1 Qd7 19. a4 Qe6 20. h6 Bf8 21. Kg1 Qc4 22. Rb4 Qa6 23. e5 e6 24. exf6 Bxb4 25. Ne5+ Kxf6 26. Bh4+ g5 27. Bxg5+ Kxg5 28. Qe4 Rhg8 29. Qh4+ Kf5 30. Qh5+ 1-0

[Event "Varna op 5th"]
[Site "Varna"]
[Date "2011.07.03"]
[Round "1"]
[White "Sofranov, Velizar"]
[Black "Ivanov, Vladislav"]
[Result "1-0"]
[WhiteElo "2053"]
[BlackElo "1896"]
[PlyCount "89"]
[EventDate "2011.07.03"]
[EventType "swiss"]
[EventRounds "9"]
[EventCountry "BUL"]
[SourceTitle "CBM 143 Extra"]
[Source "ChessBase"]
[SourceDate "2011.08.29"]
[SourceVersion "1"]
[SourceVersionDate "2011.08.29"]
[SourceQuality "1"]

1. c4 Nc6 2. g3 b6 3. Bg2 Bb7 4. Nc3 e6 5. d3 Nf6 6. e4 Bd6 7. Nge2 0-0 8. 0-0 Qe7 9. h3 e5 10. Bg5 h6 11. Nd5 Qd8 12. Bxf6 gxf6 13. Qd2 Kg7 14. g4 Ne7 15. Nxe7 Bxe7 16. Ng3 Kg6 17. h4 Rh8 18. h5+ Kg7 19. Nf5+ Kg8 20. Nxh6+ Kg7 21. Nf5+ Kg8 22. Rae1 Bc5 23. Bf3 c6 24. Kg2 d5 25. Rd1 Ba6 26. exd5 cxd5 27. Bxd5 Rc8 28. Nh6+ Kg7 29. Nxf7 Qd7 30. f3 Rh7 31. Qe2 Re8 32. Qe4 Bb7 33. Qg6+ Kf8 34. Nxe5 Bxd5 35. Nxd7+ Rxd7 36. cxd5 Rxd5 37. Qxf6+ Kg8 38. Rde1 Rf8 39. Qe6+ Kh8 40. Qxd5 a5 41. Re6 Rg8 42. Qe5+ Kh7 43. Qf5+ Kh8 44. Rh6+ Kg7 45. Qf6# 1-0

[Event "Albena op 19th"]
[Site "Albena"]
[Date "2011.07.02"]
[Round "8"]
[White "Voicu Jagodzinsky, Carmen"]
[Black "Sofranov, Velizar"]
[Result "1/2-1/2"]
[WhiteElo "2303"]
[BlackElo "2053"]
[PlyCount "85"]
[EventDate "2011.06.25"]
[EventType "swiss"]
[EventRounds "9"]
[EventCountry "BUL"]
[SourceTitle "CBM 143 Extra"]
[Source "ChessBase"]
[SourceDate "2011.08.29"]
[SourceVersion "1"]
[SourceVersionDate "2011.08.29"]
[SourceQuality "1"]

1. e4 e5 2. Nf3 Nc6 3. Bc4 Bc5 4. c3 Nf6 5. d3 0-0 6. Bb3 d5 7. Qe2 Be6 8. Bc2 a6 9. h3 h6 10. Nbd2 Qd7 11. Nf1 Rfe8 12. Ng3 Rad8 13. Nh4 Ne7 14. Qf3 Nh7 15. 0-0 Rf8 16. Nhf5 dxe4 17. dxe4 Nxf5 18. Nxf5 Qc6 19. Qg3 Bxf5 20. exf5 Rfe8 21. Re1 Qf6 22. b4 Bb6 23. a4 Nf8 24. Be4 c6 25. Rb1 Nd7 26. Bb2 Ba7 27. a5 Qe7 28. Bc1 Qf6 29. Rb2 Nf8 30. Rbe2 Re7 31. Kh1 Kh8 32. Bc2 Rde8 33. h4 Nh7 34. Qh3 e4 35. Kg1 Kg8 36. Bxe4 Qd6 37. Qd3 Qc7 38. Qf3 Nf6 39. Bd3 Rxe2 40. Rxe2 Rxe2 41. Bxe2 Qe5 42. Bd2 Ne4 43. Be1 1/2-1/2

[Event "Albena op 19th"]
[Site "Albena"]
[Date "2011.06.27"]
[Round "3"]
[White "Sofranov, Velizar"]
[Black "Taras, Iulian Ioan"]
[Result "1/2-1/2"]
[WhiteElo "2053"]
[BlackElo "2267"]
[PlyCount "96"]
[EventDate "2011.06.25"]
[EventType "swiss"]
[EventRounds "9"]
[EventCountry "BUL"]
[SourceTitle "CBM 143 Extra"]
[Source "ChessBase"]
[SourceDate "2011.08.29"]
[SourceVersion "1"]
[SourceVersionDate "2011.08.29"]
[SourceQuality "1"]

1. c4 b6 2. Nc3 Bb7 3. Nf3 e6 4. e4 Bb4 5. d3 Bxc3+ 6. bxc3 d6 7. Be2 Nd7 8. Qa4 Ngf6 9. 0-0 0-0 10. Ne1 d5 11. cxd5 exd5 12. f3 Re8 13. Bg5 Qe7 14. Nc2 dxe4 15. fxe4 Qc5+ 16. Be3 Qxc3 17. Bd4 Qc6 18. Qb3 Qe6 19. Ne3 Qxb3 20. axb3 Ne5 21. Rf5 Nfd7 22. Bc3 c5 23. Rg5 f6 24. Rg3 Bc6 25. h4 Nf8 26. Rf1 Kh8 27. Nf5 g6 28. Nh6 Kg7 29. Nf5+ Kh8 30. Nh6 Nfd7 31. Bg4 Kg7 32. Bxd7 Bxd7 33. Nf5+ Bxf5 34. exf5 Rad8 35. fxg6 hxg6 36. h5 g5 37. Rf5 Rd5 38. Re3 Re6 39. g4 Kf7 40. Bxe5 Rexe5 41. Rfxe5 Rxe5 42. Rxe5 fxe5 43. Kf2 a5 44. Ke3 b5 45. Kd2 Kf6 46. Kc3 Ke6 47. Kc2 Kf7 48. Kc3 Kf6 1/2-1/2

[Event "Albena op 19th"]
[Site "Albena"]
[Date "2011.06.26"]
[Round "2"]
[White "Sofranov, Velizar"]
[Black "Kadric, Denis"]
[Result "1/2-1/2"]
[WhiteElo "2053"]
[BlackElo "2376"]
[PlyCount "95"]
[EventDate "2011.06.25"]
[EventType "swiss"]
[EventRounds "9"]
[EventCountry "BUL"]
[SourceTitle "CBM 143 Extra"]
[Source "ChessBase"]
[SourceDate "2011.08.29"]
[SourceVersion "1"]
[SourceVersionDate "2011.08.29"]
[SourceQuality "1"]

1. c4 Nf6 2. g3 g6 3. Bg2 Bg7 4. Nc3 0-0 5. d4 d6 6. Nf3 Nc6 7. 0-0 Bg4 8. d5 Na5 9. Nd2 c5 10. h3 Bd7 11. Qc2 a6 12. Rb1 b5 13. b3 Rb8 14. Bb2 bxc4 15. bxc4 e5 16. Ba1 Qc7 17. Rxb8 Rxb8 18. Rb1 Bh6 19. Rxb8+ Qxb8 20. Ncb1 Bf5 21. e4 Bd7 22. Bc3 Qb6 23. Qb2 Qxb2 24. Bxb2 Ba4 25. Bc3 Nb7 26. Nb3 Nd7 27. Bf1 f5 28. N1d2 Bxd2 29. Nxd2 fxe4 30. Nxe4 Bc2 31. Nd2 Nb6 32. f3 Na4 33. Ba1 Kf7 34. Kf2 Ke7 35. Ke3 Nb6 36. Bd3 Bxd3 37. Kxd3 Nd7 38. Ne4 Nf6 39. Nxf6 Kxf6 40. Bc3 Kf5 41. Bd2 Nd8 42. g4+ Kf6 43. h4 Nf7 44. Ke4 h5 45. Be3 hxg4 46. fxg4 g5 47. h5 Nh6 48. Kf3 1/2-1/2